Normal view
MARC view
- حاسبات الكترونية في التعليم-حاسوب تعليمي. تكنولوجيا التعليم
Entry Topical Term
001 - CONTROL NUMBER
- control field: 27450
003 - CONTROL NUMBER IDENTIFIER
- control field: JO-AjAnu
005 - DATE AND TIME OF LATEST TRANSACTION
- control field: 20230606074649.0
008 - FIXED-LENGTH DATA ELEMENTS
- fixed length control field: 230606|| aca||aabn | a|a d
040 ## - CATALOGING SOURCE
- Original cataloging agency: JO-AjAnu
- Transcribing agency: JO-AjAnu
150 ## - HEADING--TOPICAL TERM
- Topical term or geographic name entry element: حاسبات الكترونية في التعليم-حاسوب تعليمي. تكنولوجيا التعليم
670 ## - SOURCE DATA FOUND
- Source citation: Work cat.: (JO-AjAnu)14097: عبود،حارث مؤلف/البياتي،عبد الجبار توفيق مقدم, author 27449, الحاسوب في التعليم